000 00960nam a2200277 c 4500
003 BLK
005 20180422115449.0
008 180411b bul|||||r ||||||| ||bul||
010 _aKNG00195220000
040 _aBLK
041 _aBUL
_cBUL
080 _aБългарска литература
_b821.163.2
_x-1
_z821.163.2-1
100 1 _aМилчев, Иван Силвестриев
_eпърви автор
_9379471
139 _aМилчев, Иван Силвестриев
_bМ 61
245 1 0 _aАвтопортрет
_bЛирика
_cИван Силвестриев Милчев.
257 _aBGR
260 София
_bБълг. писател
_c1984
_fВраца : В. Александров
300 _a71 с.
_c21 см
380 _aX
500 _a1 313 тир.
852 _aЦб 130083
856 4 _qpdf
_u
856 4 _qpdf
_u
942 _cKNG
_n0
944 _aCR
_c04.11.2016
_kЛюбка_Николова
944 _aED
_c04.11.2016
_kЛюбка_Николова
999 _c186226
_d186226